000 00630nam a2200229 a 4500
008
020 _a0852974698 (pbk.)
049 _aMAIN
090 _aHG8045
_bINS
100 _aChartered Institute of Bankers.
245 0 _aInsurance /
_cChartered Institute of Bankers.
250 _a3rd. ed
260 _aLondon :
_bBankers Bokks Ltd.,
_c1996.
300 _ax, 309 p :
_bill. ;
_c27 cm.
500 _aIncludes index.
650 _aInsurance.
907 _a.b10309494
_b27-10-12
_c28-02-12
003
005 20230123125414.0
040 _cNUST
942 _cBOOKS
_kHG8045
_mINS
999 _c140944
_d140944